| 000 | 01224cam a22002174a 4500 | ||
|---|---|---|---|
| 005 | 20250605164137.0 | ||
| 008 | 250528s ||||||||||||||||||||||||d | ||
| 035 | _a18816 | ||
| 020 | _a7709316 | ||
| 040 |
_aGR-AtMCL _bgre _dGR-AtMCL _eAACR2 |
||
| 245 | 1 | _aPsychology and Law / Truthfulness, Accuracy and Credibility | |
| 260 |
_bMcgraw Hill Publishing Company, _c1998 |
||
| 300 | _a244 | ||
| 520 | _aThis book promotes an understanding of the relationship between psychology and law by showing how psychological research and theory can inform the legal process. Preface, Acknowledgements, Perceived Credibility, Verbal Communication and Credibility: Statement Validity, Nonverbal Communication and Credibility, Facial Appearance and Criminality, Physiological Parameters and Credibility: The Polygraph, Psychological Factors in Eyewitness Testimony, Interviewing Suspects, Recovered Memories: Psychological Issues and Legal Questions, Telling It All: The Cognitive Interview, Obtaining Information from Child Witnesses, Expert Testimony, Subject and Author Index. | ||
| 700 | 1 |
_aBull Ray _95078 |
|
| 700 | 1 |
_aMemon Amina _95079 |
|
| 700 | 1 |
_aVrij Aldert _95080 |
|
| 942 | _cBK | ||
| 999 |
_c4129 _d4129 |
||